All Cities on U.S.101 - Statistics

General Stats
  • This quiz has been taken 12 times
  • The average score is 20 of 100
Answer Stats
State City % Correct
CA Los Angeles
91%
CA San Francisco
91%
CA San Jose
82%
WA Olympia
73%
CA Eureka
64%
CA Santa Barbara
64%
CA Palo Alto
55%
CA San Luis Obispo
55%
CA Santa Clara
55%
CA Ventura
55%
CA Santa Rosa
45%
OR Astoria
36%
OR Coos Bay
36%
CA Crescent City
36%
CA Oxnard
36%
CA Thousand Oaks
36%
WA Aberdeen
27%
CA Agoura Hills
27%
CA Arroyo Grande
27%
CA Atascadero
27%
CA Buellton
27%
CA Calabasas
27%
CA Camarillo
27%
CA Carpinteria
27%
WA Forks
27%
CA Gilroy
27%
CA Goleta
27%
CA King City
27%
CA Mountain View
27%
CA Salinas
27%
CA San Mateo
27%
CA Santa Maria
27%
CA Soledad
27%
CA South San Francisco
27%
OR Tillamook
27%
CA Brisbane
18%
OR Brookings
18%
CA East Palo Alto
18%
OR Florence
18%
OR Lincoln City
18%
CA Menlo Park
18%
CA Mill Valley
18%
CA Morgan Hill
18%
CA Paso Robles
18%
CA Pismo Beach
18%
WA Port Angeles
18%
CA Redwood City
18%
OR Seaside
18%
CA Sunnyvale
18%
CA Ukiah
18%
CA Westlake Village
18%
CA Arcata
9%
OR Bandon
9%
OR Bay City
9%
CA Belmont
9%
CA Burlingame
9%
CA Cloverdale
9%
WA Cosmopolis
9%
CA Fortuna
9%
OR Garibaldi
9%
OR Gold Beach
9%
CA Gonzales
9%
CA Greenfield
9%
WA Hoquiam
9%
OR Lakeside
9%
CA Larkspur
9%
OR Manzanita
9%
CA Millbrae
9%
OR Newport
9%
OR North Bend
9%
CA Novato
9%
CA Petaluma
9%
OR Reedsport
9%
OR Rockaway Beach
9%
CA Rohnert Park
9%
CA San Carlos
9%
CA San Rafael
9%
CA Sausalito
9%
WA Sequim
9%
WA Shelton
9%
CA Trinidad
9%
WA Tumwater
9%
OR Warrenton
9%
CA Windsor
9%
OR Yachats
9%
OR Cannon Beach
0%
CA Corte Madera
0%
CA Cotati
0%
OR Depoe Bay
0%
OR Gearhart
0%
CA Healdsburg
0%
WA Ilwaco
0%
OR Nehalem
0%
OR Port Orford
0%
WA Raymond
0%
CA Rio Dell
0%
WA South Bend
0%
OR Waldport
0%
OR Wheeler
0%
CA Willits
0%
No matching quizzes found
Score Distribution
Percent of People with Each Score
Percentile by Number Answered
Your Score History
You have not taken this quiz